হাফিযের আধ্যাত্মিক দর্শন ও হাফিয সম্পর্কে রাহবাহ সাইয়েদ আলী খামেনেয়ী'র ঐতিহাসিক ভাষন / (Record no. 56525)
[ view plain ]
| 000 -LEADER | |
|---|---|
| fixed length control field | 01905nam a2200301 a 4500 |
| 001 - CONTROL NUMBER | |
| control field | 56525 |
| 003 - CONTROL NUMBER IDENTIFIER | |
| rucl marc code | BD-RjUL |
| 005 - DATE AND TIME OF LATEST TRANSACTION | |
| control field | 20211209080416.0 |
| 008 - FIXED-LENGTH DATA ELEMENTS--GENERAL INFORMATION | |
| fixed length control field | 181013s2012 bg a b 100 0 eng |
| 020 ## - INTERNATIONAL STANDARD BOOK NUMBER | |
| International Standard Book Number | 9789843353788 |
| 035 ## - SYSTEM CONTROL NUMBER | |
| System control number | (BD-RjUL)56649 |
| 040 ## - CATALOGING SOURCE | |
| Original cataloging agency | BD-RjUL |
| Transcribing agency | BD-RjUL |
| Language of cataloging | ben |
| 041 ## - LANGUAGE CODE | |
| Language code of text/sound track or separate title | ben |
| 082 00 - DEWEY DECIMAL CLASSIFICATION NUMBER | |
| Classification number | 891.5511 |
| Edition number | 23 |
| Author mark and year | MOI 2012 |
| 100 ## - MAIN ENTRY--PERSONAL NAME | |
| Personal name | মোতাহ্হারী, শহীদ আয়াতুল্লাহ্ মূর্তাজা |
| 9 (RLIN) | 143755 |
| 245 00 - TITLE STATEMENT | |
| Title | হাফিযের আধ্যাত্মিক দর্শন ও হাফিয সম্পর্কে রাহবাহ সাইয়েদ আলী খামেনেয়ী'র ঐতিহাসিক ভাষন / |
| Statement of responsibility, etc. | মূল শহীদ আয়াতুল্লাহ্ মূর্তাজা মোতাহ্হারী; অনুবাদ মোহাম্মদ আব্দুল কুদ্দুস বাদশা; সম্পাদনা মুহাম্মদ ফরিদউদ্দিন খান |
| 260 ## - PUBLICATION, DISTRIBUTION, ETC. (IMPRINT) | |
| Place of publication, distribution, etc. | ঢাকা : |
| Name of publisher, distributor, etc. | ইসলামী প্রজাতন্ত্র ইরান দুতাবাস, |
| Date of publication, distribution, etc. | ২০১২. |
| 300 ## - PHYSICAL DESCRIPTION | |
| Pagination | ১৯৬ পৃ. ; |
| Size | ২৪ সেমি. |
| 600 ## - SUBJECT ADDED ENTRY--PERSONAL NAME | |
| Personal name | Ḥafiz, |
| General subdivision | Criticism and interpretation. |
| Chronological subdivision | active 14th century |
| Personal name | হাফিয |
| General subdivision | সমালোচনা ও ব্যাখ্যা |
| Chronological subdivision | ১৪ তম শতাব্দীর সক্রিয় |
| 650 ## - SUBJECT ADDED ENTRY--TOPICAL TERM | |
| Topical term or geographic name as entry element | ইসলামিক দর্শন |
| 9 (RLIN) | 223684 |
| Topical term or geographic name as entry element | Islamic philosophy. |
| 9 (RLIN) | 223685 |
| Topical term or geographic name as entry element | ফার্সি সাহিত্য |
| 9 (RLIN) | 223700 |
| Topical term or geographic name as entry element | Persian literature |
| 9 (RLIN) | 223701 |
| 700 ## - ADDED ENTRY--PERSONAL NAME | |
| Personal name | বাদশা, মোহাম্মদ আব্দুল কুদ্দুস |
| Personal name | খান, মুহাম্মদ ফরিদউদ্দিন |
| 942 ## - ADDED ENTRY ELEMENTS (KOHA) | |
| Source of classification or shelving scheme | Dewey Decimal Classification |
| Koha item type | Books |
| Lost status | Source of classification or shelving scheme | Damaged status | Not for loan | Collection code | Permanent Location | Current Location | Shelving location | Date acquired | Source of acquisition | Cost, normal purchase price | Total Checkouts | Full call number | Date last seen | Copy number | Koha item type |
|---|---|---|---|---|---|---|---|---|---|---|---|---|---|---|---|
| Dewey Decimal Classification | Not For Loan | Non-fiction | Central Library, University of Rajshahi | Central Library, University of Rajshahi | Reading Room | 02/05/2017 | Embassy of Islamic Republic of Iran | 200.00 | B 891.5511 MOI 2012 | 13/10/2018 | C-1 | Books |